000 00336nam a2200133 a 4500
008 970127s1990||||xx 0 und c
040 _aSNK
_bslo
_cSNK
_eAACR2
100 1 _aMatzner, Antonín
245 1 0 _aBeatles
_bVýpoveď o jednej generácii
260 _aBratislava
_bSmena
_c1990
020 _c37
041 _aslo
044 _axo
_cSK
999 _c15201
_d15201